000 00596nam a22002297a 4500
003 UA-OsUOA
001 80414
007 ta
008 20111208b un ||||| |||| 00| 0 ukr d
100 _aОлійник С.
090 _a821.161.2
_bО-54
942 _cBK
040 _aUA-OsUOA
_bukr
_cUA-OsUOA
_dUA-OsUOA
245 _aТвори в чотирьох томах
_b3
300 _a342 с.
955 _a3
041 _aukr
080 _a821.161.2
260 _aК.
_bДніпро
_c1978
650 7 _a82 Література. Літературознавство
_2UDC
999 _c366728
_d366728